| 000 | 01027nam a22003137a 4500 | ||
|---|---|---|---|
| 003 | CHAP | ||
| 005 | 20220329140827.0 | ||
| 008 | 971013s1986 r 00010 d | ||
| 010 | _a58232 | ||
| 011 | _a59204 | ||
| 035 | _a63362 | ||
| 040 | _cCHAP | ||
| 082 |
_a631.521 _bP75 |
||
| 100 | 0 | 0 |
_aPriestley, David A. _991602 |
| 245 |
_aSeed againg _b: implications for seed storage and persistance in the soil |
||
| 260 |
_aIthaca, N.Y. : _bCornell University Press, _c1986 |
||
| 300 |
_a304 p. _b: ilus. |
||
| 590 |
_aBATCH-UPD _b10 _c20130110 _lUCH01 _h0404 |
||
| 590 |
_aBATCH-UPD _b10 _c20130410 _lUCH01 _h0037 |
||
| 590 |
_aBATCH-UPD _b10 _c20130914 _lUCH01 _h1936 |
||
| 590 |
_aCONVERSION _b10 _c20130109 _lUCH01 _h1331 |
||
| 650 | 1 | 4 |
_aSemillas _xAlmacenamiento. _9103875 |
| 650 | 1 | 4 |
_aSemillas _xGerminación. _9103903 |
| 650 | 1 | 4 |
_aSemillas _xMaduración. _9103910 |
| 650 | 1 | 4 |
_aSemillas _xVigor. _9103934 |
| 901 | _aBK | ||
| 942 | _cLIBRO | ||
| 949 |
_a631.521 P75 _bBC _cLIBRO _d33724000085106 _eLIBRO _gI.133019 _h68964 _i63362 _si |
||
| 999 |
_c58232 _d58232 |
||